Le plaisir des champs avec la venerie, volerie et pescherie (Record no. 68599)
[ view plain ]
| 000 -LEADER | |
|---|---|
| campo de control de longitud fija | 00645nam a22001815i 4500 |
| 001 - NÚMERO DE CONTROL | |
| campo de control | 68599 |
| 003 - IDENTIFICADOR DE NÚMERO DE CONTROL | |
| campo de control | ES-MaACL |
| 007 - CAMPO FIJO DE DESCRIPCIÓN FÍSICA--INFORMACIÓN GENERAL | |
| campo de control de longitud fija | t| |
| 008 - DATOS DE LONGITUD FIJA--INFORMACIÓN GENERAL | |
| campo de control de longitud fija | 960809s1869 fr ||||1| fre d |
| 040 ## - FUENTE DE CATALOGACIÓN | |
| Centro catalogador/agencia de origen | CAM |
| Lengua de catalogación | spa |
| Centro/agencia transcriptor | CAM |
| 100 1# - ENTRADA PRINCIPAL--NOMBRE DE PERSONA | |
| Nombre de persona | Gauchet, Claude. |
| 9 (RLIN) | 55987 |
| 245 13 - MENCIÓN DEL TÍTULO | |
| Título | Le plaisir des champs avec la venerie, volerie et pescherie |
| Resto del título | : poème en quatre parties / |
| Mención de responsabilidad, etc. | par Claude Gauchet. |
| 250 ## - MENCION DE EDICION | |
| Mención de edición | Ed. |
| Resto de la mención de edición | rev. et annotée par Prosper Blanchemain. |
| 260 ## - PUBLICACIÓN, DISTRIBUCIÓN, ETC. | |
| Lugar de publicación, distribución, etc. | Paris : |
| Nombre del editor, distribuidor, etc. | Librairie A. Franck, |
| Fecha de publicación, distribución, etc. | 1869 ( |
| Lugar de fabricación/manufactura | Nogent-Rotrou : |
| Fabricante | Impr. par A. Gouverneur) |
| 300 ## - DESCRIPCIÓN FÍSICA | |
| Extensión | XXII, 376 p. ; |
| Dimensiones | 17 cm. |
| 700 1# - ENTRADA AGREGADA--NOMBRE PERSONAL | |
| Nombre de persona | Blanchemain, Prosper. |
| 9 (RLIN) | 29151 |
| 852 ## - LOCALIZACIÓN | |
| Ubicación | ES-MaACL |
| Número de control de estantería | G-2292 |
| Estatus retirado | Estado de pérdida | Estado de daño | No para préstamo | Colección | Biblioteca de origen | Biblioteca actual | Ubicación en estantería | Fecha de adquisición | Fuente de adquisición | Total de préstamos | Signatura topográfica completa | Código de barras | Visto por última vez | Precio de reemplazo | Tipo de ítem Koha |
|---|---|---|---|---|---|---|---|---|---|---|---|---|---|---|---|
| Libros del s. XIX | Biblioteca del Ateneo de Madrid | Biblioteca del Ateneo de Madrid | Depósito 2 | 17/01/2008 | G-2292 | 1071817 | 23/02/2023 | 23/02/2023 | Libro impreso antiguo |
